Simple C Beginner's Guide

Gespeichert in:
Bibliographische Detailangaben
1. Verfasser: Sinclair, Ian
Format: Buch
Sprache:Englisch
Veröffentlicht: London Fulton Pub. 1988
Ausgabe:1. ed.
Tags: Tag hinzufügen
Keine Tags, Fügen Sie das erste Tag hinzu!

MARC

LEADER 00000nam a2200000 4500
001 c026643
005 20221219120555.6
041 0 |a eng 
044 |a GB 
245 1 0 |a Simple C  |b Beginner's Guide  |c Ian Sinclair 
250 |a 1. ed. 
264 1 |a London  |b Fulton Pub.  |c 1988 
300 |a 180 s. 
100 1 |a Sinclair, Ian